Normal view MARC view

Entry Nombre personal

Number of records used in: 20

001 - NÚMERO DE CONTROL

  • campo de control: 36176

003 - IDENTIFICADOR DE NÚMERO DE CONTROL

  • campo de control: OSt

005 - FECHA Y HORA DE LA ÚLTIMA TRANSACCIÓN

  • campo de control: 20250825134555.0

008 - ELEMENTOS DE DATO DE LONGITUD-FIJA

  • campo de control de longitud fija: 961011 n acnnnaaan n ann d

040 ## - FUENTE DE CATALOGACIÓN

  • Centro catalogador/agencia de origen: OSt
  • Centro/agencia transcriptor: OSt

100 1# - ENCABEZAMIENTO-NOMBRE DE PERSONA

  • Nombre de persona: Casariego, J. E.,
  • Fechas asociadas al nombre: 1913-1990

400 1# - TRAZADO DE VÉASE--NOMBRE DE PERSONA

  • Nombre de persona: Casariego, J. Evaristo (
  • Fechas asociadas al nombre: 1913-1990)

400 1# - TRAZADO DE VÉASE--NOMBRE DE PERSONA

  • Nombre de persona: Casariego, Jesús E. (
  • Fechas asociadas al nombre: 1913-1990)

400 1# - TRAZADO DE VÉASE--NOMBRE DE PERSONA

  • Nombre de persona: Casariego, Jesús Evaristo (
  • Fechas asociadas al nombre: 1913-1990)

400 1# - TRAZADO DE VÉASE--NOMBRE DE PERSONA

  • Nombre de persona: Casariego, Jesús-Evaristo (
  • Fechas asociadas al nombre: 1913-1990)

400 00 - TRAZADO DE VÉASE--NOMBRE DE PERSONA

  • Nombre de persona: Díaz Casariego, Jesús Evaristo

400 00 - TRAZADO DE VÉASE--NOMBRE DE PERSONA

  • Nombre de persona: Díaz-Casariego Fernández de Noriega, Jesús Evaristo

400 00 - TRAZADO DE VÉASE--NOMBRE DE PERSONA

  • Nombre de persona: Díaz Casariego Fernández, Jesús Evaristo